000 01023nam a2200241 a 4500
001 39527
003 BD-RjUL
005 20211209053017.0
008 160412s2011 ii |||| |||| 00| 0 ben d
020 _a9789350400616
_c: TK.1100.00
035 _a(BD-RjUL)39640
040 _aBD-RjUL
_bben
_cBD-RjUL
041 _aben
082 _223
_a891.444
_bBHP 2011
100 _aভট্টাচার্য, অমিত্রসূদন.
_9121202
245 _aপ্রবন্ধ পঞ্চাশৎ প্রসঙ্গ রবীন্দ্রনাথ /
_cঅমিত্রসূদন ভট্টাচার্য.
260 _aকলকাতা :
_bআনন্দ পাবলিশার্স প্রাইভেট লিমিটেড,
_c২০১১
300 _a[ ১০], ৭০৪ পৃ. ;
_c২৪ সেমি.
504 _aনিদের্শনা সংযুক্ত
650 _aবাংলা প্রবন্ধ
_9121785
650 _aBengali Essays
_9121786
942 _2ddc
_cBK
999 _c39527
_d39527